000 00435nam a22001577a 4500
003 OSt
005 20240410112504.0
008 190208b xxu||||| |||| 00| 0 eng d
020 _a ‏ : ‎ 9350145464
040 _cIIMT UNIVERSITY
100 _aKUMAR NARINDRA
245 _aINSTALLATION MAINTENANCE AND REPAIR OF ELECTRICAL MACHINES AND EQUIP
260 _aMEERUT
_bJ P N PUB
_c2019
300 _a284
942 _2ddc
_c02
_e1 ED 2019
999 _c44698
_d44698